000 00979aam a2200361 4500
005 20251117192136.0
008 150303b2011 xxu||||| |||| 00| 0 spa d
020 _a9789974578937
041 _aESP
082 _a363.256.2 F387b2
100 _aFerreyro, María Fernanda
_95195
245 _aBalística Manual
250 _a2 edición
260 _aArgentina
260 _bB de F
260 _c2011
300 _a276 páginas
490 _aInvestigación Criminal
650 _aBALÍSTICA
650 _aPERITAJES BALÍSTICOS
650 _aBALÍSTICA EXTERIOR
650 _aBALÍSTICA DE EFECTOS
650 _aFUNCIONAMIENTO DE ARMAS
650 _aIDONEIDAD DE LA MUNICIÓN
650 _aIDENTIFICACIÓN BALISTICO
650 _aHUELLAS DE FRACCIÓN
650 _aARMA BLANCA
650 _aPOLIGONOS DE TIRO
650 _aPERITACIONES SOBRE SONIDO
650 _aCOMPONENTES DEL DISPARO
650 _aDISPÁROS ACCIDENTALES
942 _cBK
_2ddc
999 _c2897
_d2897